000 01022nmc a2200337 a 4500
003 AR-BaBNM
005 20251128205540.0
008 298019s1982 ||||||||||||||000 | spa||
020 _a950-582-151-2
040 _cAR-BaBNM
100 1 _aTobón, Cecilia
245 1 0 _aLa práctica profesional del trabajador social
_bguía de análisis
260 _aBuenos Aires
_bHumanitas
_bCentro Latinoamericano de Trabajo Social
_c1982
300 0 _a319 p.
_btablas, diagr., il.
490 0 _aHumanitas-Celats
500 0 _aCELATS: CENTRO LATINOAMERICANO DE TRABAJO SOCIAL
504 _aBibliografía: p. 315-319
650 4 _aTRABAJO SOCIAL
650 4 _aPRAXIS EDUCATIVA
650 4 _aSERVICIOS SOCIALES
650 4 _aSERVICIOS DE ORIENTACION
650 4 _aEVALUACION
650 4 _aMETODOS DE INVESTIGACION
651 4 _aAmérica Latina
653 0 _aINVESTIGACION ACCION
653 0 _aINVESTIGACION ACCION
700 1 _aRottier, Norma
700 1 _aManrique, Antonieta
942 _cBK
998 _cSILVI
999 _c11837
_d11837